| 000 | 01652 a2200385 4500 | ||
|---|---|---|---|
| 001 | 57421 | ||
| 999 |
_c57421 _d14420 |
||
| 003 | TR-AnTOB | ||
| 005 | 20200407152602.0 | ||
| 008 | 160711s2006 njua 001 0 c | ||
| 010 | _a2005933651 | ||
| 015 |
_aGBA582136 _2bnb |
||
| 016 |
_a013301563 _2Uk |
||
| 020 | _a0471754935 (pbk.) | ||
| 035 | _a(OCoLC)ocm61757032 | ||
| 040 |
_aUKM _cUKM _dBAKER _dTXA _dDLC |
||
| 041 | _aeng | ||
| 042 | _apcc | ||
| 050 |
_aQA76.76.O63 _bB366182 2006 |
||
| 090 | _aQA76.76.O63 B366182 2006 | ||
| 100 |
_aBarkakati, Nabajyoti, _d1956- _929970 |
||
| 245 | 0 |
_aSUSE Linux 10 for dummies / _cby Naba Barkakati. |
|
| 264 | 1 |
_aHoboken, NJ : _bWiley, _cc2006. |
|
| 300 |
_axvi, 356 p. : _bill. ; _c24 cm. + _ee 1 DVD-ROM (4 3/4 in.). |
||
| 490 | 0 | _a--For dummies | |
| 500 | _aIncludes index. | ||
| 500 | _aAccompanying DVD-ROM contains SUSE Linux 10 Special Edition. | ||
| 538 | _aSystem requirements for accompanying DVD-ROM: a PC with an Intel Pentium or compatible processor running at 400 MHz or faster for graphical installation; at least 256MB of total RAM installed on your computer for graphical installation (512MB recommended); at least 520MB free space on your hard drive for a minimal installation (5GB of free space recommended if you plan to install most packages, so that you can try out everything covered in this book); a DVD-ROM drive. | ||
| 630 | 0 | _aLinux. | |
| 650 |
_aİşletim Sistemleri (Bilgisayarlar) _96714 |
||
| 650 |
_aOperating systems (Computers) _9318 |
||
| 856 |
_uhttp://www.loc.gov/catdir/toc/fy0613/2005933651.html _3Table of contents only |
||
| 901 | _a0017944,CD00935 | ||
| 942 | _cBK | ||